00732cam a2200181 i 4500020002500000082001100025245017000036250002300206260004900229300003500278504005100313650005800364650000300422700002100425700002000446700002700466856005700493 a9780199678990 (pbk.) a341.0400aCheshire, North & Fawcett private international law /cedited by Paul Torremans ; consultant editor, James J. Fawcett ; authors, Uglješa Grušić [and 7 others]. aFifteenth edition. aUK, Oxford :bOxford University Press c2017 aclxxxviii, 1435 pages ;c25 cm aIncludes bibliographical references and index. 0aConflict of laws, NLS2024, NLSTEXTBOOKS, NLSEBOOKBANK 01 aTorremans, Paul,1 aFawcett, J. J.,1 aGrušić, Uglješa. uhttp://10.250.8.41:8080/xmlui/handle/123456789/47856